Disenño de engranes rectos asistido por computadora basado en las especificaciones de la American Gear Manufacturers Association (AGMA).
Guardado en:
| Autor principal: | |
|---|---|
| Formato: | Libro |
| Publicado: |
San José, Costa Rica
1994
|
| Materias: | |
| Etiquetas: |
Agregar Etiqueta
Sin Etiquetas, Sea el primero en etiquetar este registro!
|
MARC
| LEADER | 00000nam a2200000Ia 4500 | ||
|---|---|---|---|
| 003 | 007614 | ||
| 005 | 20221231144256.0 | ||
| 008 | 140114s1994 cr a m 000 ||s d | ||
| 040 | |c cru CEDI | ||
| 090 | |a TFG 3239 | ||
| 100 | |a Torres Salazar, Mainor Antonio |9 10881 | ||
| 245 | |a Disenño de engranes rectos asistido por computadora basado en las especificaciones de la American Gear Manufacturers Association (AGMA). | ||
| 260 | |c 1994 |a San José, Costa Rica | ||
| 500 | |a Tesis (licenciatura en ingeniería mecánica)--Universidad de Costa Rica. Facultad de Ingeniería. Escuela de Ingeniería Mecánica, | ||
| 650 | |x ENGRANAJES - PROGRAMAS PARA COMPUTADORA |9 9545 | ||
| 942 | |c TFG | ||
| 999 | |c 19449 |d 19449 | ||
